000
00306nam a2200121 4500
999
_c
11106
_d
11106
082
_a
423OXF
100
_a
Oxford University Press
245
_a
Oxford Urdu to English Dictionary
260
_a
UK:
_b
Oxford University Press,
_c
2013.
300
_a
1125p. ;
650
_a
Oxford University Press,
942
_c
BK